[Event "BRA-ch 90th"]
[Site "Natal"]
[Date "2024.12.21"]
[Round "11"]
[White "Morais, Benjamin Guedes"]
[Black "Brambilla, Renee Blandy T"]
[Result "0-1"]
[WhiteElo "1642"]
[BlackElo "1747"]
[PlyCount "62"]
[EventDate "2024.12.13"]
[EventType "swiss"]
[EventRounds "11"]
[EventCountry "BRA"]
[SourceTitle "CB52_2024"]
[SourceDate "2024.12.25"]
[SourceVersion "1"]
[SourceVersionDate "2024.12.25"]
[SourceQuality "1"]

1. Nf3 d5 2. g3 Nf6 3. Bg2 g6 4. 0-0 Bg7 5. d4 0-0 6. b3 Ne4 7. Bb2 c5 8. e3 Nc6 9. Nbd2 Bf5 10. c4 Nxd2 11. Qxd2 dxc4 12. bxc4 Rb8 13. d5 Na5 14. Bxg7 Kxg7 15. Nh4 Bd7 16. e4 b5 17. Qc3+ Kg8 18. cxb5 Rxb5 19. a4 Rb8 20. Rab1 Qc7 21. Rfc1 Rfc8 22. Rxb8 Rxb8 23. Qxc5 Qxc5 24. Rxc5 Rb1+ 25. Bf1 Bh3 26. Ng2 Nb3 27. Rb5 Nd2 28. Rxb1 Nxb1 29. a5 Nd2 30. Bd3 Nf3+ 31. Kf1 Bxg2+ 0-1

[Event "BRA-ch 90th"]
[Site "Natal"]
[Date "2024.12.17"]
[Round "7"]
[White "Morais, Benjamin Guedes"]
[Black "Amaral, Miguel De Lima"]
[Result "1-0"]
[WhiteElo "1642"]
[BlackElo "1855"]
[PlyCount "101"]
[EventDate "2024.12.13"]
[EventType "swiss"]
[EventRounds "11"]
[EventCountry "BRA"]
[SourceTitle "CB52_2024"]
[SourceDate "2024.12.25"]
[SourceVersion "1"]
[SourceVersionDate "2024.12.25"]
[SourceQuality "1"]

1. Nf3 Nf6 2. g3 d6 3. d4 Bg4 4. Bg2 Nc6 5. 0-0 Qd7 6. c4 0-0-0 7. d5 Bxf3 8. exf3 Ne5 9. b3 h5 10. f4 Ng6 11. h4 Rg8 12. Nc3 Kb8 13. Bb2 Qf5 14. Ne2 Nh8 15. Nd4 Qd7 16. Qd3 g6 17. b4 Bg7 18. Nb3 Ng4 19. Bxg7 Rxg7 20. c5 Qc8 21. c6 b6 22. a4 a6 23. Rab1 f6 24. b5 g5 25. fxg5 Ne5 26. Qe3 Qg4 27. bxa6 Ka7 28. a5 Nc4 29. axb6+ cxb6 30. Qc3 Ng6 31. Nd4 Nge5 32. Nb5+ Ka8 33. Nc7+ Ka7 34. Ne6 Rgg8 35. Nxd8 Rxd8 36. gxf6 Rg8 37. fxe7 Ng6 38. Rb4 Nxh4 39. Qxc4 Nf3+ 40. Bxf3 Qxf3 41. Qf4 Qxd5 42. Qe4 Qf7 43. c7 d5 44. Qe3 d4 45. Qxd4 Qg6 46. Qxb6+ Qxb6 47. Rxb6 Kxb6 48. Re1 Re8 49. c8Q Rxc8 50. e8Q Rxe8 51. Rxe8 1-0

[Event "Wch U08"]
[Site "Montesilvano"]
[Date "2024.11.17"]
[Round "3"]
[White "Vrsalovic Acuna, Stjepan Antonio"]
[Black "Morais, Benjamin Guedes"]
[Result "1/2-1/2"]
[WhiteElo "1452"]
[BlackElo "1652"]
[PlyCount "303"]
[EventDate "2024.11.15"]
[EventType "swiss"]
[EventRounds "11"]
[EventCountry "ITA"]
[SourceTitle "CB48_2024"]
[SourceDate "2024.11.28"]
[SourceVersion "1"]
[SourceVersionDate "2024.11.28"]
[SourceQuality "1"]

1. e4 c6 2. d4 d5 3. Nc3 dxe4 4. Nxe4 Nd7 5. Nf3 Ngf6 6. Nxf6+ Nxf6 7. Be2 Bg4 8. 0-0 e6 9. Be3 Be7 10. c4 0-0 11. Qc2 Bf5 12. Bd3 Bxd3 13. Qxd3 c5 14. Rad1 Qc7 15. dxc5 Bxc5 16. Bxc5 Qxc5 17. Qc3 Rac8 18. b3 b5 19. Rc1 Rc7 20. Qb2 Rb7 21. cxb5 Qxb5 22. Rc2 Rd7 23. Rd2 Rfd8 24. Rfd1 Rf8 25. Rf1 Rfd8 26. Rfd1 Rf8 27. Rf1 Rfd8 28. Rfd1 h6 29. h3 Rd5 30. Rxd5 Rxd5 31. Rxd5 Qxd5 32. Qd4 Qxd4 33. Nxd4 Nd5 34. Nc6 a6 35. Nb8 Nc3 36. a4 Ne2+ 37. Kf1 Nd4 38. Kg1 Ne2+ 39. Kf1 Nd4 40. b4 Kf8 41. Nxa6 Ke7 42. Nb8 Kf8 43. Na6 Ke7 44. b5 Kd6 45. f3 f5 46. Kf2 e5 47. Nb4 Kc5 48. Nd3+ Kd5 49. b6 Nc6 50. b7 Nb8 51. a5 Kd4 52. Nb4 Kc5 53. a6 Kb6 54. Ke3 g5 55. g4 f4+ 56. Ke4 Nd7 57. b8Q+ Nxb8 58. Kxe5 Nxa6 59. Nxa6 Kxa6 60. Kf5 Kb5 61. Kg6 Kc4 62. Kxh6 Kd3 63. Kxg5 Ke3 64. h4 Kxf3 65. h5 Kg3 66. h6 f3 67. h7 f2 68. h8Q f1Q 69. Qc3+ Kg2 70. Qd2+ Kg3 71. Qc3+ Kg2 72. Qd2+ Kg3 73. Qc3+ Kg2 74. Qd2+ Kg3 75. Qe3+ Kg2 76. Qf4 Qb5+ 77. Qf5 Qe2 78. Kg6 Qe8+ 79. Kg5 Qe3+ 80. Kg6 Qe8+ 81. Qf7 Qb5 82. Qf5 Qe8+ 83. Kg5 Qe3+ 84. Kg6 Qe8+ 85. Qf7 Qe4+ 86. Kh5 Qe5+ 87. g5 Qh2+ 88. Kg6 Qd6+ 89. Qf6 Qd3+ 90. Kg7 Qd7+ 91. Kh6 Qh3+ 92. Kg6 Qd3+ 93. Kg7 Qd7+ 94. Kh6 Qh3+ 95. Kg7 Qd7+ 96. Kg6 Qd3+ 97. Kg7 Qd7+ 98. Kh6 Qh3+ 99. Kg7 Qd7+ 100. Qf7 Qd4+ 101. Kg6 Qd6+ 102. Qf6 Qd3+ 103. Kg7 Qd7+ 104. Kh6 Qh3+ 105. Kg7 Qd7+ 106. Qf7 Qd4+ 107. Kh6 Qh4+ 108. Qh5 Qf4 109. Kh7 Qf5+ 110. Qg6 Qd7+ 111. Qg7 Qb5 112. Qg6 Qd7+ 113. Qg7 Qh3+ 114. Kg8 Qe3 115. Kh7 Qh3+ 116. Kg8 Qc8+ 117. Qf8 Qe6+ 118. Qf7 Qc8+ 119. Kg7 Qc3+ 120. Qf6 Qc7+ 121. Kh6 Qh2+ 122. Kg6 Qc7 123. Qd4 Qe7 124. Qf6 Qd6 125. Kg7 Qd7+ 126. Kh6 Qh3+ 127. Kg7 Qd7+ 128. Qf7 Qd4+ 129. Kh6 Qh4+ 130. Qh5 Qf4 131. Kh7 Qf5+ 132. Qg6 Qd7+ 133. Qg7 Qh3+ 134. Kg8 Qc8+ 135. Qf8 Qe6+ 136. Qf7 Qc8+ 137. Kg7 Qc3+ 138. Qf6 Qc7+ 139. Kh6 Qh2+ 140. Kg6 Qc7 141. Qb2+ Kg3 142. Qb3+ Kg4 143. Qd1+ Kg3 144. Qb3+ Kg4 145. Qd1+ Kh4 146. Qh1+ Kg4 147. Qg2+ Kh4 148. Qh1+ Kg3 149. Qd1 Kh4 150. Qb3 Kg4 151. Qb2 Kh4 152. Qg2 1/2-1/2